Eduactional media and the teacher (Record no. 1371631)

MARC details
000 -LEADER
fixed length control field 00658nam a2200229Ia 4500
005 - DATE AND TIME OF LATEST TRANSACTION
control field 20250508161712.0
008 - FIXED-LENGTH DATA ELEMENTS--GENERAL INFORMATION
fixed length control field 008 250505s9999 xx 000 0 eng d
020 ## - INTERNATIONAL STANDARD BOOK NUMBER
International Standard Book Number 0-697-06077-2
037 ## - SOURCE OF ACQUISITION
Stock number Textual
040 ## - CATALOGING SOURCE
Original cataloging agency FEDL
Language of cataloging eng
Transcribing agency FEDL
041 ## - LANGUAGE CODE
Language code of text/sound track or separate title eng
Source of code eng
084 ## - COLON CLASSIFICATION NUMBER
Classification number 371.1, HAN
Assigning agency FEDL
100 ## - MAIN ENTRY--PERSONAL NAME
Personal name Haney John B
9 (RLIN) 771399
245 #0 - TITLE STATEMENT
Title Eduactional media and the teacher
260 ## - PUBLICATION, DISTRIBUTION, ETC.
Place of publication, distribution, etc. Dubuque
Name of publisher, distributor, etc. W M C Brown Company Publishers
Date of publication, distribution, etc. 1970
300 ## - PHYSICAL DESCRIPTION
Extent viii,130p
490 ## - SERIES STATEMENT
Series statement Issues and innovations in education
650 ## - SUBJECT ADDED ENTRY--TOPICAL TERM
Topical term or geographic name entry element Teaching
700 ## - ADDED ENTRY--PERSONAL NAME
Personal name Ullmer Eldon J
9 (RLIN) 771400
942 ## - ADDED ENTRY ELEMENTS (KOHA)
Koha item type Textual
Classification part 371.1, HAN
Holdings
Withdrawn status Lost status Damaged status Not for loan Home library Current library Date acquired Total Checkouts Full call number Barcode Date last seen Price effective from Koha item type
        Department of Education Library Department of Education Library 2025-05-08   371.1, HAN EL0059652 2025-05-08 2025-05-08 Textual
Copyright @ Delhi University Library System